00507nam a22001697a 4500003000400000008004100004082001600045100002600061245010200087260006800189300001000257502001700267650001700284650001400301650001100315650001100326OSt260430b |||||||| |||| 00| 0 eng d a635.7bS48G aSingh, Suresh Prasad. aGenetic Variability and Stability of Coriander (Coriandrum Sativum L.) / cby Suresh Prasad Singh a.- Sabour, Bhagalpurb: Bihar Agricultural College, RAUc, 2000 a134p. bPh. D.d2000 aHorticulture aCoriander aThesis aPh. D.